Người lữ hành kỳ dị T.2 /
Zapisane w:
| 1. autor: | |
|---|---|
| Kolejni autorzy: | , |
| Format: | Książka |
| Język: | Vietnamese English |
| Wydane: |
Hà Nội :
Văn học,
2000.
|
| Hasła przedmiotowe: | |
| Etykiety: |
Dodaj etykietę
Nie ma etykietki, Dołącz pierwszą etykiete!
|
| Thư viện lưu trữ: | Mạng thư viện Đại học Đà Nẵng |
|---|
| LEADER | 00942cam a2200361 i 4500 | ||
|---|---|---|---|
| 001 | 000046859 | ||
| 003 | 6367 | ||
| 005 | 20030912110915.0 | ||
| 008 | 010306b2000 vm 000 vie | ||
| 020 | |c 54000 | ||
| 040 | |a IRC |c IRC |d IRC | ||
| 041 | 1 | |a vie |h eng | |
| 082 | 1 | 4 | |a 813 |b RO-H |
| 100 | 1 | |a Robbins, Harold. | |
| 245 | 0 | 0 | |a Người lữ hành kỳ dị |n T.2 / |c Harold Robbins ; Mạnh Hà, Thanh Sơn dịch. |
| 260 | |a Hà Nội : |b Văn học, |c 2000. | ||
| 300 | |a 670tr. ; |c 19cm. | ||
| 630 | 0 | 4 | |a Văn học. |
| 630 | 0 | 4 | |a Tiểu thuyết. |
| 630 | 0 | 4 | |a Văn học Mỹ. |
| 650 | 0 | 4 | |a Tiểu thuyết Hoa Kỳ. |
| 700 | 1 | |a Mạnh Hà, |e dịch. | |
| 700 | 1 | |a Thanh Sơn, |e dịch. | |
| OWN | |a DUT | ||
| 999 | |a From the UDN01 | ||
| TYP | |a Monograph | ||
| TYP | |a Printed language | ||
| 980 | |a Mạng thư viện Đại học Đà Nẵng | ||